|
|
|
|
| LEADER |
01410nam a22003492a 4500 |
| 001 |
000741192 |
| 003 |
CZ BrMZK |
| 005 |
20190318140718.0 |
| 007 |
ta |
| 008 |
041007s1963 xr erf||||||||||cze d |
| 015 |
|
|
|a cnb000614648
|
| 035 |
|
|
|a (OCoLC)85471874
|
| 040 |
|
|
|a ABA001
|b cze
|c HKA001
|d ABA001
|d BOA001
|
| 043 |
|
|
|a e-xr---
|b e-xr-kr
|2 czenas
|
| 072 |
|
7 |
|a 72
|x Architektura
|2 Konspekt
|9 21
|
| 080 |
|
|
|a 728.82
|2 MRF
|
| 080 |
|
|
|a (437.313)
|2 MRF
|
| 080 |
|
|
|a (036)
|2 MRF
|
| 100 |
1 |
|
|a Krtilová, Eva,
|d 1923-1982
|7 jk01063531
|4 aut
|
| 245 |
1 |
0 |
|a Zámek Náchod :
|b [prop. publ.] /
|c text: Eva Krtilová ; snímky: [kol.]
|
| 260 |
|
|
|a [Hradec Králové] :
|b Krajské středisko státní památkové péče a ochrany přírody,
|c 1963
|e (Čes. Budějovice :
|f Stráž 201)
|
| 300 |
|
|
|a [11] s. ;
|c 12°
|
| 500 |
|
|
|a Vyd. ve spolupráci se St. ústavem památkové péče a ochrany přírody v Praze
|
| 610 |
2 |
7 |
|a Náchod (zámek)
|7 olak2003164599
|2 czenas
|
| 650 |
0 |
7 |
|a zámky
|7 ph127734
|z Česko
|2 czenas
|
| 651 |
|
7 |
|a Náchod (Česko)
|7 ge130262
|2 czenas
|
| 655 |
|
7 |
|a informační publikace
|7 fd132454
|2 czenas
|
| 910 |
|
|
|a BOA001
|b PK-A-0008.662
|b X-0504.177
|
| 920 |
|
|
|a 000765449
|
| 990 |
|
|
|a BK
|
| 996 |
6 |
|
|b 2619216533
|c X-0504.177
|l MZK
|r Sklad / do 24 hodin
|n 3
|w 000741192
|u 000020
|a 1
|e BOA001
|j MZK50
|s P
|
| 996 |
7 |
|
|b 3119681240
|c PK-A-0008.662
|l MZK
|r Sklad / do 1 hodiny
|n 1
|w 000741192
|u 000010
|a 1
|e BOA001
|j MZK50
|s A
|